000 00820nam a2200265Ia 4500
003 OSt
005 20220926000906.0
006 a|||||r|||| 00| 0
007 ta
008 220923b |||||||| |||| 00| 0 eng d
020 _a9788126526376
_c551.64999999999998
037 _bRKBA\09-10\5428, 20/02/2015, RAJKIRAN BOOK AGENCY
_cGeneral Book
040 _aRTL
_cRTL
_beng
041 _2eng
_aeng
082 _aX65:8, Q0
100 _aJONES Charles P.
245 0 _aInvestments
_b Principles and concepts
250 _a11th
260 _a New Delhi
_bJohn Wiley
_c2010
300 _axxvi, 608p
_ccm.
500 _aGlossary: p 466-70
650 _aCommerce
942 _hX65:8, Q0
_cGB
_2CC
999 _c599978
_d599978